000 01257cam a2200373Ia 4500
001 46821
005 20230410124150.0
008 850815s1948 dk a b 000 0 fre d
035 _a(OCoLC)ocm12387719
040 _aMYG
_cMYG
_dUBA
_dLVB
019 _a23419586
029 1 _aNLGGC
_b059511389
035 _a(OCoLC)12387719
_z(OCoLC)23419586
041 0 _afre
_hdan
050 1 4 _aP 201
_bB869p 1948
082 0 0 _a415
049 _aGRAL
100 1 _aBrondal, Viggo,
_d1887-1942.
245 1 4 _aLes parties du discours, partes orationis :
_bétudes sur les catégories linguistiques /
_cViggo Brandal ; traduction francaise par Pierre Naert.
260 _aCopenhague :
_bEinar Munksgaard,
_c1948.
300 _a173 p., 1 folded leaf of plates :
_bill. ;
_c25 cm.
500 _aTranslation of: Ordklasserne, partes orationis.
504 _aBibliography: p. [15]-21.
650 0 _aGrammar, Comparative and general.
650 0 _aSpanish language
_xGrammar.
650 4 _aGramática comparada y general.
650 7 _aLinguística histórica.
_2larpcal
650 7 _aOracáo (gramática)
_2larpcal
650 6 _aParties du discours.
650 6 _aCatégories grammaticales.
942 _2lcc
_cbk
994 _aC0
_bDRFGD
946 _aLspaulino
999 _c72309
_d72309